Come back, Amelia Bedelia (Record no. 5202)

MARC details
000 -LEADER
fixed length control field 00885nam a22002897a 4500
001 - CONTROL NUMBER
control field 5202
003 - CONTROL NUMBER IDENTIFIER
control field FISKH
005 - DATE AND TIME OF LATEST TRANSACTION
control field 20250331112624.0
008 - FIXED-LENGTH DATA ELEMENTS--GENERAL INFORMATION
fixed length control field 241119b cb ||||| |||| 00| 0 eng d
040 ## - CATALOGING SOURCE
Original cataloging agency FISKH
Language of cataloging eng
Transcribing agency FISKH
Modifying agency FISKH
050 ## - LIBRARY OF CONGRESS CALL NUMBER
Classification number PZ7.P219
082 ## - DEWEY DECIMAL CLASSIFICATION NUMBER
Classification number 823.9
100 ## - MAIN ENTRY--PERSONAL NAME
Personal name Parish, Peggy
Dates associated with a name (1927–1988)
245 ## - TITLE STATEMENT
Title Come back, Amelia Bedelia
Statement of responsibility, etc. Story by Peggy Parish Pictures by Wallace Tripp
250 ## - EDITION STATEMENT
Edition statement 1971
260 ## - PUBLICATION, DISTRIBUTION, ETC.
Place of publication, distribution, etc. New York :
Name of publisher, distributor, etc. HarperCollins,
Date of publication, distribution, etc. 1971.
300 ## - PHYSICAL DESCRIPTION
Extent 64 pages :
Other physical details Color illustrations ;
Dimensions 23 cm
505 ## - FORMATTED CONTENTS NOTE
Formatted contents note J<br/>
520 ## - SUMMARY, ETC.
Summary, etc. Because she does exactly as she is told, Amelia Bedelia is fired from one job after another.
521 8# - TARGET AUDIENCE NOTE
Target audience note 430L<br/>
Source Lexile<br/>
521 8# - TARGET AUDIENCE NOTE
Target audience note J<br/>
Source Raz-Plus<br/>
650 ## - SUBJECT ADDED ENTRY--TOPICAL TERM
Source of heading or term Easy reader
Topical term or geographic name entry element Fiction
650 ## - SUBJECT ADDED ENTRY--TOPICAL TERM
Source of heading or term Following directions
700 ## - ADDED ENTRY--PERSONAL NAME
Personal name Tripp, Wallace
Dates associated with a name Illustrator
942 ## - ADDED ENTRY ELEMENTS (KOHA)
Source of classification or shelving scheme Dewey Decimal Classification
Koha item type Books
Suppress in OPAC No
Holdings
Withdrawn status Lost status Source of classification or shelving scheme Damaged status Not for loan Collection Home library Current library Shelving location Date acquired Total Checkouts Full call number Barcode Date last seen Copy number Price effective from Koha item type
    Dewey Decimal Classification     Fiction Footprints International School Library Network Toul Kork Campus Footprints International School Library Network Toul Kork Campus TK Primary Library Room(4th Floor), Bookcase 1&2, Shelves 1-16, Dark Blue Books 11/19/2024   PAR 823.9 PZ7.P219 FISTK01267 11/19/2024 1 11/19/2024 Books
    Dewey Decimal Classification     Juvenile Fiction Footprints International School Library Network Toul Tom Poung Campus Footprints International School Library Network Toul Tom Poung Campus TTP Primary Dark Blue Bookshelves 03/31/2025   PAR 823.9 PZ7.P219 2025-0925 03/31/2025 2 03/31/2025 Books